succeding in college with asperger syndrome : (Record no. 14233)

000 -LEADER
fixed length control field 00790nam a22002057a 4500
008 - FIXED-LENGTH DATA ELEMENTS--GENERAL INFORMATION
fixed length control field 160928b xxu||||| |||| 00| 0 eng d
020 ## - INTERNATIONAL STANDARD BOOK NUMBER
International Standard Book Number 9781843102014
050 ## - LIBRARY OF CONGRESS CALL NUMBER
Classification number LC 4717.5
Item number .H37 2004
100 ## - MAIN ENTRY--PERSONAL NAME
Personal name Harpur, John
245 ## - TITLE STATEMENT
Title succeding in college with asperger syndrome :
Remainder of title a students guide/
Statement of responsibility, etc. John Harpur, Maria Lawlor and Michael Fitzgerald.
260 ## - PUBLICATION, DISTRIBUTION, ETC. (IMPRINT)
Place of publication, distribution, etc. London :
Name of publisher, distributor, etc. Jessica Kingsley Publishers ;
Date of publication, distribution, etc. c2004.
300 ## - PHYSICAL DESCRIPTION
Extent 272p. :
Other physical details ill. ;
Dimensions 23cm.
500 ## - GENERAL NOTE
General note Includes bibliography and index.
650 ## - SUBJECT ADDED ENTRY--TOPICAL TERM
Topical term or geographic name as entry element Autistic children
General subdivision education (higher).
650 ## - SUBJECT ADDED ENTRY--TOPICAL TERM
Topical term or geographic name as entry element Asperger's syndrome
General subdivision patients
Chronological subdivision education (higher)
650 ## - SUBJECT ADDED ENTRY--TOPICAL TERM
Topical term or geographic name as entry element College students orientation.
700 ## - ADDED ENTRY--PERSONAL NAME
Personal name Lawlor, Maria
700 ## - ADDED ENTRY--PERSONAL NAME
Personal name Fitzgerald, Michael
942 ## - ADDED ENTRY ELEMENTS (KOHA)
Source of classification or shelving scheme
Koha item type Hard Covered Materials
Classification part LC 4717.5 .H37 2004
Holdings
Withdrawn status Lost status Source of classification or shelving scheme Damaged status Not for loan Home library Current library Shelving location Date acquired Source of acquisition Total Checkouts Full call number Barcode Date last seen Price effective from Koha item type
          MACHAKOS UNIVERSITY LIBRARY MACHAKOS UNIVERSITY LIBRARY Open shelf 28/09/2016 Donation(BFA)   LC 4717.5 .H37 2004 25651 23/01/2019 28/09/2016 Hard Covered Materials
© Machakos University Library, Along The Highway, Machakos Wote Rd, Machakos, Kenya P.O. Box 136 - 90100 Machakos - Kenya

Tel: ( +254 ) 723 805829 OR Fax : 044-20353 OR Email: library@mksu.ac.ke